|
|
|
|
| LEADER |
00958nam a2200217 a 4500 |
| 001 |
GR-Patra31173 |
| 008 |
991022s2008 gr g 000 0 gre d |
| 020 |
|
|
|a 9604114840
|
| 040 |
|
|
|a GrPaTEI
|b gre
|c GR-PaULI
|
| 082 |
|
0 |
|a 690
|2 22
|
| 100 |
1 |
|
|a Κωνσταντόπουλος, Σ.
|
| 245 |
1 |
0 |
|a Εγχειρίδιο συντηρητή μηχανολογικών εγκαταστάσεων /
|c Σ. Κωνσταντόπουλος.
|
| 260 |
|
|
|a Αθήνα :
|b Ίων,
|c c1980
|
| 300 |
|
|
|a 113σ.
|a σχημ.
|
| 650 |
|
4 |
|a ΜΗΧΑΝΟΛΟΓΙΚΕΣ ΕΓΚΑΤΑΣΤΑΣΕΙΣ
|
| 650 |
|
4 |
|a Μηχανολογικές εγκαταστάσεις
|x Συντήρηση
|
| 710 |
0 |
|
|a Ιων
|
| 942 |
|
|
|2 ddc
|
| 952 |
|
|
|0 0
|1 0
|2 ddc
|4 0
|6 690_000000000000000_ΚΩΝ
|7 1
|9 313758
|a LISK
|b LISK
|c BSC
|d 2021-01-17
|e 24
|f 0
|g 0.00
|l 0
|o 690 ΚΩΝ
|p 92410051704
|r 2021-01-17 00:00:00
|t 1
|w 2021-01-17
|y BKN
|x 20120614 0 0
|x GrPaTEI
|
| 971 |
|
|
|a .b26787453
|b 15-04-20
|c 26-09-16
|
| 999 |
|
|
|c 179496
|d 179496
|